Pertemuan malam tahun baru
| Main Author: | |
|---|---|
| Format: | Book |
| Published: |
Kuala lumpur :
Pustaka Buana ,
2005
|
| Subjects: |
MARC
| LEADER | 00000cam a2200000 7i4500 | ||
|---|---|---|---|
| 001 | 0000093188 | ||
| 005 | 20061129.0 | ||
| 020 | |a 9832642906 | ||
| 090 | 0 | 0 | |a JF |b LIA |
| 100 | 0 | |a Liawana | |
| 245 | 1 | 0 | |a Pertemuan malam tahun baru |c Liawana |
| 260 | |a Kuala lumpur : |b Pustaka Buana , |c 2005 | ||
| 300 | |a 116p. ; |c 19cm. | ||
| 650 | 0 | 0 | |a Children's stories, Malay |
| 999 | |a 00184221 |b BUKU |c PINJAMAN |e PERPUSTAKAAN KOMUNITI PETALING JAYA | ||